zpět

Detail výsledku týmu

Hotel Lužan, Rumburk

Datum a čas kvízu

38 Celkem bodů Celkový počet nahraných bodů na tomto kvízu bez doplňovacích otázek.
3. Pořadí na kvízu Konečné umístění týmu na tomto kvízu.

Zaznamenané odpovědi

# Otázka Odpověď Body Výsledky
1. V sobotu byla pro návštěvníky... Bohumil Hrabal, Kersko 1
2. Buckinghamský palác odhalil v... D) motýl 0
3. V úterý byl zahájen 77. ročník... v Cannes 1
4. Podnikatel Jan Čermák minulý t... TV Barrandov 1
5. V sobotu se v Rijádu konal dlo... Tyson Fury, Oleksandr Usyk 1
6. Bájného českého knížete Kroka,... Krakov 1
7. Podle pověsti prý zvony z kost... ve čtvrtek (na Zelený čtvrtek) 0
8. Před kněžnou Libuší stanuli dv... A 1
9. Václav Podbrdský byl kameník,... A 1
10. Pokud dokážete určit, co tento... Stadice 1